images (140×140)   Dow University of Health Sciences Library Catalogue

Welcome to Dow University of Health Sciences Library Online Public Access Catalog

Student Workbook for Clinical Practice of the dental hygienist / (Record no. 28065)

MARC details
000 -LEADER
fixed length control field 00593nam a2200181Ia 4500
008 - FIXED-LENGTH DATA ELEMENTS--GENERAL INFORMATION
fixed length control field 250806s9999||||xx |||||||||||||| ||und||
020 ## - INTERNATIONAL STANDARD BOOK NUMBER
International Standard Book Number 9.78078E+12
060 ## - NATIONAL LIBRARY OF MEDICINE CALL NUMBER
Classification number WU 18.2
Item number .W93 2005
100 ## - MAIN ENTRY--PERSONAL NAME
Personal name Wyche, Charlotte
245 #0 - TITLE STATEMENT
Title Student Workbook for Clinical Practice of the dental hygienist /
Statement of responsibility, etc. Charlotte Wyche, Esther M. Wilkins.
260 ## - PUBLICATION, DISTRIBUTION, ETC.
Place of publication, distribution, etc. USA :
Name of publisher, distributor, etc. Lippincott Williams & Wilkins,
Date of publication, distribution, etc. c2005.
300 ## - PHYSICAL DESCRIPTION
Extent xii, 389 p. :
Other physical details ill.
Dimensions 27 cm
504 ## - BIBLIOGRAPHY, ETC. NOTE
Bibliography, etc. note Includes Appendix.
650 ## - SUBJECT ADDED ENTRY--TOPICAL TERM
Topical term or geographic name entry element Dental Hygienists
650 ## - SUBJECT ADDED ENTRY--TOPICAL TERM
Topical term or geographic name entry element Dental Prophylaxis
700 ## - ADDED ENTRY--PERSONAL NAME
Personal name Wilkins, Esther M.
942 ## - ADDED ENTRY ELEMENTS (KOHA)
-- DIMC
Koha item type Books
Holdings
Date last seen Total checkouts Full call number Barcode Price effective from Koha item type Lost status Damaged status Not for loan Withdrawn status Home library Current library Date acquired
08/06/2025   WU 18.2 .W93 2005 00002529 08/06/2025 Books         Dow International Medical College Dow International Medical College 08/06/2025



©2026, All rights reserved. Dow University of Health Sciences, Karachi, Pakistan.